<?xml version="1.0" encoding="UTF-8"?>
<record
    xmlns:xsi="http://www.w3.org/2001/XMLSchema-instance"
    xsi:schemaLocation="http://www.loc.gov/MARC21/slim http://www.loc.gov/standards/marcxml/schema/MARC21slim.xsd"
    xmlns="http://www.loc.gov/MARC21/slim">

  <leader>00594nam a2200181Ia 4500</leader>
  <controlfield tag="008">151018s9999    xx            000 0 und d</controlfield>
  <datafield tag="082" ind1=" " ind2=" ">
    <subfield code="b">RBASDV13163</subfield>
    <subfield code="a">891.463</subfield>
  </datafield>
  <datafield tag="100" ind1=" " ind2=" ">
    <subfield code="a">&#x938;&#x941;&#x92E;&#x924;&#x940;  &#x915;&#x94D;&#x937;&#x947;&#x924;&#x94D;&#x930;&#x92E;&#x93E;&#x921;&#x947;</subfield>
  </datafield>
  <datafield tag="245" ind1=" " ind2=" ">
    <subfield code="a">&#x938;&#x93F;&#x902;&#x927;&#x941;&#x926;&#x941;&#x930;&#x94D;&#x917;</subfield>
  </datafield>
  <datafield tag="250" ind1=" " ind2=" ">
    <subfield code="b">1</subfield>
  </datafield>
  <datafield tag="260" ind1=" " ind2=" ">
    <subfield code="b">&#x915;&#x932;&#x94D;&#x92A;&#x924;&#x930;&#x942;</subfield>
    <subfield code="c">1980</subfield>
  </datafield>
  <datafield tag="300" ind1=" " ind2=" ">
    <subfield code="a">156</subfield>
  </datafield>
  <datafield tag="600" ind1=" " ind2=" ">
    <subfield code="a">&#x938;&#x941;&#x92E;&#x924;&#x940;  &#x915;&#x94D;&#x937;&#x947;&#x924;&#x94D;&#x930;&#x92E;&#x93E;&#x921;&#x947;</subfield>
  </datafield>
  <datafield tag="630" ind1=" " ind2=" ">
    <subfield code="a">&#x938;&#x93F;&#x902;&#x927;&#x941;&#x926;&#x941;&#x930;&#x94D;&#x917;</subfield>
  </datafield>
  <datafield tag="700" ind1=" " ind2=" ">
    <subfield code="a">&#x938;&#x941;&#x92E;&#x924;&#x940;  &#x915;&#x94D;&#x937;&#x947;&#x924;&#x94D;&#x930;&#x92E;&#x93E;&#x921;&#x947;</subfield>
  </datafield>
  <datafield tag="730" ind1=" " ind2=" ">
    <subfield code="a">&#x938;&#x93F;&#x902;&#x927;&#x941;&#x926;&#x941;&#x930;&#x94D;&#x917;</subfield>
  </datafield>
  <datafield tag="942" ind1=" " ind2=" ">
    <subfield code="c">BOOK</subfield>
  </datafield>
  <datafield tag="999" ind1=" " ind2=" ">
    <subfield code="c">1015399</subfield>
    <subfield code="d">1015396</subfield>
  </datafield>
  <datafield tag="952" ind1=" " ind2=" ">
    <subfield code="0">0</subfield>
    <subfield code="1">0</subfield>
    <subfield code="4">0</subfield>
    <subfield code="7">0</subfield>
    <subfield code="a">RBASDV</subfield>
    <subfield code="b">RBASDV</subfield>
    <subfield code="d">2009-03-26</subfield>
    <subfield code="g">18.00</subfield>
    <subfield code="l">0</subfield>
    <subfield code="o">RBASDV13163</subfield>
    <subfield code="p">RBASDV13163</subfield>
    <subfield code="r">2015-10-18 00:00:00</subfield>
    <subfield code="v">18.00</subfield>
    <subfield code="w">2015-10-18</subfield>
    <subfield code="y">BOOK</subfield>
  </datafield>
</record>
